<?xml version="1.0" encoding="UTF-8"?><?xml-stylesheet type="text/xsl" href="static/style.xsl"?><OAI-PMH xmlns="http://www.openarchives.org/OAI/2.0/" xmlns:xsi="http://www.w3.org/2001/XMLSchema-instance" xsi:schemaLocation="http://www.openarchives.org/OAI/2.0/ http://www.openarchives.org/OAI/2.0/OAI-PMH.xsd"><responseDate>2026-06-01T11:51:25Z</responseDate><request verb="GetRecord" identifier="oai:riuma.uma.es:10630/38009" metadataPrefix="marc">https://riuma.uma.es/rest/oai/request</request><GetRecord><record><header><identifier>oai:riuma.uma.es:10630/38009</identifier><datestamp>2026-02-03T12:11:58Z</datestamp><setSpec>com_10630_2254</setSpec><setSpec>col_10630_37959</setSpec></header><metadata><record xmlns="http://www.loc.gov/MARC21/slim" xmlns:dcterms="http://purl.org/dc/terms/" xmlns:doc="http://www.lyncode.com/xoai" xmlns:xsi="http://www.w3.org/2001/XMLSchema-instance" xsi:schemaLocation="http://www.loc.gov/MARC21/slim http://www.loc.gov/standards/marcxml/schema/MARC21slim.xsd">
   <leader>00925njm 22002777a 4500</leader>
   <datafield ind2=" " ind1=" " tag="042">
      <subfield code="a">dc</subfield>
   </datafield>
   <datafield ind2=" " ind1=" " tag="720">
      <subfield code="a">Solera Navarro, Fátima</subfield>
      <subfield code="e">author</subfield>
   </datafield>
   <datafield ind2=" " ind1=" " tag="720">
      <subfield code="a">Cabello-Fernández-Delgado, Florencio</subfield>
      <subfield code="e">author</subfield>
   </datafield>
   <datafield ind2=" " ind1=" " tag="260">
      <subfield code="c">2024</subfield>
   </datafield>
   <datafield ind2=" " ind1=" " tag="520">
      <subfield code="a">El propósito de esta ponencia es analizar el proceso de producción y distribución del documental “Educación Inclusiva: Quererla es Crearla” (2022), realizado junto con la cineasta Cecilia Barriga. Se trata de un documental orientado a promover la educación inclusiva y el cambio social destacando el activismo de las personas con discapacidad y sus entornos. Su singularidad radica en cómo ha sido planteado, desarrollado y difundido a través de una combinación de procesos de elaboración colaborativos, que marcaron papeles, tareas y fases difíciles de deslindar de quienes protagonizaban la obra. Situándonos a la hora de realizarla dentro de un modelo de coalición, el documental actúa como eje conector entre quienes lo han producido, activistas políticos y el público. Esta propuesta nos muestra la posibilidad de utilizar el documental como fuente de investigación y cambio social, enfatizando la necesidad de crear un nuevo imaginario colectivo sobre la educación inclusiva capaz de permear las políticas e instituciones educativas para fomentar la convivencia en una sociedad diversa.</subfield>
   </datafield>
   <datafield ind1="8" ind2=" " tag="024">
      <subfield code="a">https://hdl.handle.net/10630/38009</subfield>
   </datafield>
   <datafield tag="653" ind2=" " ind1=" ">
      <subfield code="a">Educación inclusiva</subfield>
   </datafield>
   <datafield tag="653" ind2=" " ind1=" ">
      <subfield code="a">Movimientos sociales</subfield>
   </datafield>
   <datafield tag="653" ind2=" " ind1=" ">
      <subfield code="a">Participación social</subfield>
   </datafield>
   <datafield tag="653" ind2=" " ind1=" ">
      <subfield code="a">Cine documental</subfield>
   </datafield>
   <datafield ind2="0" ind1="0" tag="245">
      <subfield code="a">Cómo rodar un movimiento: el proceso de creación del documental “Educación inclusiva: Quererla es crearla” (Cecilia Barriga, 2022)</subfield>
   </datafield>
</record>
</metadata></record></GetRecord></OAI-PMH>